[Event "AUT-chT 2324"]
[Site "Austria"]
[Date "2023.11.25"]
[Round "5.5"]
[White "Platzgummer, Fabian"]
[Black "Antoniewski, Rafal"]
[Result "0-1"]
[WhiteElo "2316"]
[BlackElo "2463"]
[PlyCount "72"]
[EventDate "2023.11.22"]
[EventType "team-tourn"]
[EventRounds "11"]
[EventCountry "AUT"]
[SourceTitle "CB48_2023"]
[SourceDate "2023.11.29"]
[SourceVersion "1"]
[SourceVersionDate "2023.11.29"]
[SourceQuality "1"]
[WhiteTeam "Mayrhofen/Zell/Zillertal"]
[BlackTeam "St Veit"]
[WhiteTeamCountry "AUT"]
[BlackTeamCountry "AUT"]

1. Nf3 Nf6 2. c4 g6 3. Nc3 Bg7 4. g3 0-0 5. Bg2 d6 6. 0-0 Nc6 7. d4 Bg4 8. Ne1 Qd7 9. f3 Bh3 10. e4 Bxg2 11. Kxg2 e5 12. d5 Nd4 13. Nc2 Nxc2 14. Qxc2 c5 15. dxc6 bxc6 16. Rd1 Qe6 17. Qa4 Rfc8 18. Be3 Nd7 19. Qa6 Nc5 20. Bxc5 dxc5 21. b3 Rd8 22. Qa5 Qe7 23. Qa6 Qc7 24. Qa3 Bf8 25. Qb2 Rd4 26. Ne2 Rdd8 27. Qc2 Bh6 28. Kf2 Rd7 29. Nc3 Rf8 30. Qe2 Rd4 31. Rxd4 cxd4 32. Nd1 d3 33. Qb2 f5 34. Kg2 fxe4 35. fxe4 Qf7 36. Qf2 Qd7 0-1

[Event "AUT-chT 2324"]
[Site "Austria"]
[Date "2023.11.24"]
[Round "4.5"]
[White "Antoniewski, Rafal"]
[Black "Borhy, Marcell Boldizsar"]
[Result "1/2-1/2"]
[WhiteElo "2463"]
[BlackElo "2377"]
[PlyCount "41"]
[EventDate "2023.11.22"]
[EventType "team-tourn"]
[EventRounds "11"]
[EventCountry "AUT"]
[SourceTitle "CB48_2023"]
[SourceDate "2023.11.29"]
[SourceVersion "1"]
[SourceVersionDate "2023.11.29"]
[SourceQuality "1"]
[WhiteTeam "St Veit"]
[BlackTeam "Pinggau Friedberg"]
[WhiteTeamCountry "AUT"]
[BlackTeamCountry "AUT"]

1. e4 c5 2. Nc3 a6 3. Nf3 d6 4. d4 cxd4 5. Nxd4 Nf6 6. g3 e5 7. Nde2 Be7 8. Bg2 0-0 9. 0-0 b5 10. Nd5 Nxd5 11. Qxd5 Ra7 12. Be3 Rb7 13. Qd2 Nd7 14. h3 h5 15. Nc3 Nf6 16. Bg5 Be6 17. a3 Nd7 18. Be3 Nf6 19. Bg5 Nd7 20. Be3 Nf6 21. Bg5 1/2-1/2

[Event "AUT-chT 2324"]
[Site "Austria"]
[Date "2023.11.24"]
[Round "3.5"]
[White "Bures, Jaroslav"]
[Black "Antoniewski, Rafal"]
[Result "1/2-1/2"]
[WhiteElo "2421"]
[BlackElo "2463"]
[PlyCount "67"]
[EventDate "2023.11.22"]
[EventType "team-tourn"]
[EventRounds "11"]
[EventCountry "AUT"]
[SourceTitle "CB48_2023"]
[SourceDate "2023.11.29"]
[SourceVersion "1"]
[SourceVersionDate "2023.11.29"]
[SourceQuality "1"]
[WhiteTeam "Mistelbach"]
[BlackTeam "St Veit"]
[WhiteTeamCountry "AUT"]
[BlackTeamCountry "AUT"]

1. d4 d5 2. c4 e6 3. Nc3 Bb4 4. e3 Nf6 5. a3 Bxc3+ 6. bxc3 c6 7. a4 0-0 8. Ba3 Re8 9. Nf3 b6 10. cxd5 cxd5 11. Bb5 Bd7 12. Bd3 Bc8 13. 0-0 Ba6 14. Ne5 Bxd3 15. Qxd3 Qc7 16. c4 Nbd7 17. Nxd7 Qxd7 18. cxd5 exd5 19. a5 Rac8 20. axb6 axb6 21. Rfc1 h6 22. f3 Re6 23. Rxc8+ Qxc8 24. Qb3 Qd7 25. Bb2 Qe8 26. Kf2 Rc6 27. Ra6 Qc8 28. Rxb6 Rxb6 29. Qxb6 Qc2+ 30. Kf1 Qd1+ 31. Kf2 Qd2+ 32. Kf1 Qd3+ 33. Kf2 Qd2+ 34. Kf1 1/2-1/2

[Event "CZE-chT 2324"]
[Site "Czech Republic"]
[Date "2023.10.15"]
[Round "2.1"]
[White "Plat, Vojtech"]
[Black "Antoniewski, Rafal"]
[Result "0-1"]
[WhiteElo "2503"]
[BlackElo "2485"]
[PlyCount "80"]
[EventDate "2023.10.14"]
[EventType "team-tourn"]
[EventRounds "11"]
[EventCountry "CZE"]
[SourceTitle "Mega2024 Update 01"]
[Source "Chessbase"]
[SourceDate "2023.11.12"]
[SourceVersion "1"]
[SourceVersionDate "2023.11.12"]
[SourceQuality "1"]
[WhiteTeam "Lysa nad Labem"]
[BlackTeam "Frydek Mistek"]
[WhiteTeamCountry "CZE"]
[BlackTeamCountry "CZE"]

1. e4 e5 2. Nf3 Nf6 3. Nxe5 d6 4. Nf3 Nxe4 5. Bd3 Nf6 6. 0-0 Be7 7. c3 0-0 8. h3 c5 9. Bc2 Nc6 10. d4 Be6 11. Re1 Qb6 12. Ng5 cxd4 13. Nxe6 fxe6 14. Rxe6 d5 15. cxd4 Qxd4 16. Nc3 Qxd1+ 17. Bxd1 Bc5 18. Ba4 Rae8 19. Rxe8 Nxe8 20. Nd1 Nd6 21. Bb3 Nc4 22. Be3 Nd4 23. Bxc4 dxc4 24. Kf1 Nc2 25. Bxc5 Re8 26. Ne3 Nxa1 27. Bd4 b5 28. g4 Re6 29. Bc3 Ra6 30. a3 Kf7 31. Nf5 g6 32. Nh6+ Ke6 33. f4 Kd5 34. Kf2 Nc2 35. Ng8 Ke4 36. f5 gxf5 37. g5 f4 38. Nf6+ Kf5 39. h4 Ne3 40. Kf3 Nd1 0-1

[Event "POL-chT 1st League"]
[Site "Leba"]
[Date "2023.09.29"]
[Round "7.3"]
[White "Sernecki, Franciszek"]
[Black "Antoniewski, Rafal"]
[Result "1-0"]
[WhiteElo "2281"]
[BlackElo "2485"]
[PlyCount "107"]
[EventDate "2023.09.23"]
[EventType "team-swiss"]
[EventRounds "9"]
[EventCountry "POL"]
[SourceTitle "EXT 2024"]
[Source "ChessBase"]
[SourceDate "2023.10.10"]
[SourceVersion "1"]
[SourceVersionDate "2023.10.10"]
[SourceQuality "1"]
[WhiteTeam "Sedziszow Malopolski"]
[BlackTeam "Wrzos Miedzyborow"]
[WhiteTeamCountry "POL"]
[BlackTeamCountry "POL"]

1. d4 Nf6 2. c4 e6 3. Nf3 b6 4. g3 Bb7 5. Bg2 Be7 6. 0-0 0-0 7. Re1 Na6 8. Ne5 Bxg2 9. Kxg2 c5 10. d5 Qc7 11. Nf3 Ne4 12. Qc2 f5 13. Nc3 Qb7 14. Rd1 Nxc3 15. bxc3 d6 16. dxe6 Nc7 17. Qd3 Nxe6 18. Qd5 Qxd5 19. Rxd5 f4 20. Bxf4 Rxf4 21. gxf4 Nxf4+ 22. Kf1 Nxd5 23. cxd5 Bf6 24. Rc1 b5 25. Rc2 Re8 26. Nd2 a5 27. a4 b4 28. c4 Bc3 29. Nb3 Re4 30. Nxa5 Rd4 31. Rc1 Rd2 32. Rb1 Ra2 33. Nb7 Be5 34. e3 g5 35. a5 Bxh2 36. Kg2 Be5 37. Kf3 Kg7 38. Ke4 Kf6 39. f4 gxf4 40. exf4 Bd4 41. Nxd6 Rxa5 42. Rh1 Kg6 43. Nf5 Bc3 44. Rh6+ Kf7 45. Rxh7+ Kf6 46. Rh6+ Kf7 47. Rb6 Ra2 48. Nd6+ Ke7 49. Kf5 Bd4 50. Ne4 Re2 51. d6+ Kd7 52. Rb7+ Kd8 53. Ng5 Kc8 54. d7+ 1-0

[Event "POL-chT 1st League"]
[Site "Leba"]
[Date "2023.09.27"]
[Round "5.1"]
[White "Sabuk, Piotr"]
[Black "Antoniewski, Rafal"]
[Result "1/2-1/2"]
[WhiteElo "2394"]
[BlackElo "2485"]
[PlyCount "21"]
[EventDate "2023.09.23"]
[EventType "team-swiss"]
[EventRounds "9"]
[EventCountry "POL"]
[SourceTitle "EXT 2024"]
[Source "ChessBase"]
[SourceDate "2023.10.10"]
[SourceVersion "1"]
[SourceVersionDate "2023.10.10"]
[SourceQuality "1"]
[WhiteTeam "Wisznia Mala Bialy Krol"]
[BlackTeam "Wrzos Miedzyborow"]
[WhiteTeamCountry "POL"]
[BlackTeamCountry "POL"]

1. d4 d5 2. c4 dxc4 3. e3 Nf6 4. Bxc4 e6 5. Nf3 c5 6. 0-0 a6 7. dxc5 Bxc5 8. Qxd8+ Kxd8 9. Be2 Ke7 10. Ne5 Nbd7 11. Nd3 1/2-1/2

[Event "POL-chT 1st League"]
[Site "Leba"]
[Date "2023.09.26"]
[Round "4.3"]
[White "Rozycki, Bartlomiej"]
[Black "Antoniewski, Rafal"]
[Result "0-1"]
[WhiteElo "2181"]
[BlackElo "2485"]
[PlyCount "116"]
[EventDate "2023.09.23"]
[EventType "team-swiss"]
[EventRounds "9"]
[EventCountry "POL"]
[SourceTitle "EXT 2024"]
[Source "ChessBase"]
[SourceDate "2023.10.10"]
[SourceVersion "1"]
[SourceVersionDate "2023.10.10"]
[SourceQuality "1"]
[WhiteTeam "Chylice Laura"]
[BlackTeam "Wrzos Miedzyborow"]
[WhiteTeamCountry "POL"]
[BlackTeamCountry "POL"]

1. e4 c5 2. Nf3 e6 3. d4 cxd4 4. Nxd4 Nc6 5. Nc3 a6 6. Be2 Qc7 7. Be3 Nf6 8. a3 b5 9. Nxc6 dxc6 10. f4 e5 11. fxe5 Nd7 12. e6 fxe6 13. Bh5+ g6 14. Bg4 Ne5 15. Qe2 Nc4 16. 0-0 Nxe3 17. Qxe3 Qe5 18. b4 h5 19. Bh3 Bd6 20. g3 a5 21. Rad1 Be7 22. Ne2 axb4 23. axb4 Bxb4 24. Kh1 Be7 25. Nf4 Rg8 26. Nd3 Qc3 27. e5 Ra2 28. Bg2 Bd7 29. Qe4 Ra4 30. Qe2 h4 31. Be4 Kd8 32. Nf4 Kc7 33. Nxg6 Rg7 34. gxh4 Qc4 35. Qxc4 Rxc4 36. Bd3 Rg4 37. Rg1 Rd4 38. h5 c5 39. Rg3 c4 40. Be2 Bc6+ 41. Kg1 Bc5 42. Rxd4 Bxd4+ 43. Kf1 Rf7+ 44. Ke1 Bf2+ 45. Kd2 Be4 46. Rh3 Kb6 47. Bg4 Bg1 48. Bxe6 Rf2+ 49. Ke1 Rxc2 50. Nf4 Bxh2 51. Ne2 b4 52. Bxc4 Rxc4 53. Rxh2 b3 54. Rh3 Bc2 55. Nc3 Rxc3 56. Rh4 Kc5 57. Kd2 b2 58. Rh1 Rc4 0-1

[Event "SVK-chT1E 2223"]
[Site "Slovakia"]
[Date "2023.02.04"]
[Round "8.1"]
[White "Peterson, Eric"]
[Black "Antoniewski, Rafal"]
[Result "0-1"]
[WhiteElo "2171"]
[BlackElo "2482"]
[PlyCount "112"]
[EventDate "2022.10.15"]
[EventType "team-tourn"]
[EventRounds "11"]
[EventCountry "SVK"]
[SourceTitle "EXT 2024"]
[Source "ChessBase"]
[SourceDate "2023.10.10"]
[SourceVersion "1"]
[SourceVersionDate "2023.10.10"]
[SourceQuality "1"]
[WhiteTeam "Kezmarok KdV"]
[BlackTeam "Dunajov Martin"]
[WhiteTeamCountry "SVK"]
[BlackTeamCountry "SVK"]

1. e4 Nc6 2. Nf3 d6 3. d4 Nf6 4. Nc3 g6 5. h3 Bg7 6. Be3 a6 7. a4 0-0 8. Qd2 Re8 9. Be2 e5 10. dxe5 dxe5 11. Qxd8 Rxd8 12. Rd1 Be6 13. 0-0 h6 14. Rxd8+ Rxd8 15. Rd1 Rxd1+ 16. Bxd1 Bf8 17. Be2 Kg7 18. Bd3 Nd7 19. Kf1 Nb4 20. Nd2 Nc5 21. Ke2 Bd7 22. Bxc5 Bxc5 23. b3 c6 24. f3 b5 25. Ncb1 Na2 26. Kd1 Bd4 27. Nf1 Be6 28. Kd2 Bb6 29. axb5 cxb5 30. Kd1 Nb4 31. Be2 Nc6 32. Kc1 Nd4 33. Bd3 Nc6 34. Kb2 h5 35. Nfd2 h4 36. c3 Kh6 37. Nf1 Kg5 38. Nbd2 Kf4 39. b4 f5 40. Nb3 Nd8 41. Nc1 Nb7 42. Ne2+ Kg5 43. Kc2 Nd6 44. Nd2 Kf6 45. f4 Nc4 46. exf5 gxf5 47. Bxc4 Bxc4 48. Nxc4 bxc4 49. Kd2 Bf2 50. Kd1 Ke6 51. Kd2 Kd5 52. Kc2 Ke4 53. fxe5 Kxe5 54. Kd1 Ke4 55. Kd2 f4 56. Kc2 Be3 0-1

[Event "CZE-chT 2223"]
[Site "Czech Republic"]
[Date "2022.12.03"]
[Round "3.5"]
[White "Hracek, Zbynek"]
[Black "Antoniewski, Rafal"]
[Result "1/2-1/2"]
[WhiteElo "2542"]
[BlackElo "2471"]
[PlyCount "49"]
[EventDate "2022.10.15"]
[EventType "team-tourn"]
[EventRounds "11"]
[EventCountry "CZE"]
[SourceTitle "CBM 213 Extra"]
[Source "ChessBase"]
[SourceDate "2023.05.31"]
[SourceVersion "1"]
[SourceVersionDate "2023.05.31"]
[SourceQuality "1"]
[WhiteTeam "Pardubice"]
[BlackTeam "Frydek Mistek"]
[WhiteTeamCountry "CZE"]
[BlackTeamCountry "CZE"]

1. e4 d6 2. d4 Nf6 3. Nc3 e5 4. Nf3 Nbd7 5. Bc4 Be7 6. 0-0 0-0 7. Re1 c6 8. a4 a5 9. h3 Nb6 10. Bf1 exd4 11. Nxd4 d5 12. e5 Ne8 13. Nce2 g6 14. Bh6 Ng7 15. b3 Re8 16. Qd2 Nd7 17. Ng3 Nc5 18. Rad1 Nce6 19. Nf3 Qb6 20. Be3 Qc7 21. Qc1 Rd8 22. Bh6 b6 23. Nh2 Bh4 24. Ng4 Ne8 25. Ne2 1/2-1/2

[Event "AUT-chT2M 2223"]
[Site "Austria"]
[Date "2022.10.02"]
[Round "3.1"]
[White "Antoniewski, Rafal"]
[Black "Markoja, Boris"]
[Result "1/2-1/2"]
[WhiteElo "2471"]
[BlackElo "2454"]
[PlyCount "60"]
[EventDate "2022.09.30"]
[EventType "team-tourn"]
[EventRounds "11"]
[EventCountry "AUT"]
[SourceTitle "CBM 210 Extra"]
[Source "ChessBase"]
[SourceDate "2022.11.30"]
[SourceVersion "1"]
[SourceVersionDate "2022.11.30"]
[SourceQuality "1"]
[WhiteTeam "St Veit/Glan"]
[BlackTeam "Gamlitz"]
[WhiteTeamCountry "AUT"]
[BlackTeamCountry "AUT"]

1. d4 d5 2. c4 dxc4 3. e3 e5 4. Bxc4 exd4 5. exd4 Bd6 6. Nf3 Nf6 7. Qe2+ Be7 8. 0-0 0-0 9. h3 Nbd7 10. Nc3 Nb6 11. Bb3 c6 12. Re1 Re8 13. Qd3 Nbd5 14. Nxd5 Nxd5 15. Ng5 Bxg5 16. Bxg5 f6 17. Bxd5+ cxd5 18. Bd2 Be6 19. Re3 Qd7 20. Rae1 Bf7 21. Qa3 Re6 22. Rxe6 Bxe6 23. Rc1 a6 24. Bf4 Rc8 25. Rxc8+ Qxc8 26. Qd6 Qd7 27. Qxd7 Bxd7 28. f3 Kf7 29. Kf2 h5 30. h4 Ke6 1/2-1/2

[Event "POL-chT 1st League"]
[Site "Sypniewo"]
[Date "2022.09.08"]
[Round "6.4"]
[White "Antoniewski, Rafal"]
[Black "Czerw, Dawid"]
[Result "1/2-1/2"]
[WhiteElo "2466"]
[BlackElo "2365"]
[PlyCount "50"]
[EventDate "2022.09.03"]
[EventType "team-swiss"]
[EventRounds "9"]
[EventCountry "POL"]
[SourceTitle "CBM 210 Extra"]
[Source "ChessBase"]
[SourceDate "2022.11.30"]
[SourceVersion "1"]
[SourceVersionDate "2022.11.30"]
[SourceQuality "1"]
[WhiteTeam "Wrzos Miedzyborow"]
[BlackTeam "Jastrzebie Zdroj Pionier"]
[WhiteTeamCountry "POL"]
[BlackTeamCountry "POL"]

1. e4 c5 2. Nf3 Nc6 3. Bb5 e6 4. 0-0 Nge7 5. Re1 a6 6. Bxc6 Nxc6 7. d4 cxd4 8. Nxd4 Qc7 9. Nc3 Bd6 10. Nxc6 dxc6 11. Qh5 e5 12. Be3 b5 13. Red1 0-0 14. Ne2 Be6 15. Ng3 g6 16. Qf3 f6 17. Bb6 Qe7 18. Qd3 Bb8 19. Qc3 Qb7 20. Bc5 Re8 21. Bd6 Ba7 22. Bc5 Bb8 23. Rd2 Bc7 24. Rad1 Rad8 25. a3 Qc8 1/2-1/2

[Event "SVK-chT1E 2122"]
[Site "Slovakia"]
[Date "2022.04.23"]
[Round "8.2"]
[White "Panko, Radoslav"]
[Black "Antoniewski, Rafal"]
[Result "0-1"]
[WhiteElo "2013"]
[BlackElo "2461"]
[PlyCount "76"]
[EventDate "2022.01.29"]
[EventType "team-tourn"]
[EventRounds "11"]
[EventCountry "SVK"]
[SourceTitle "EXT 2023"]
[Source "ChessBase"]
[SourceDate "2022.10.05"]
[SourceVersion "1"]
[SourceVersionDate "2022.10.05"]
[SourceQuality "1"]
[WhiteTeam "Bardejov"]
[BlackTeam "Dunajov Inbest"]
[WhiteTeamCountry "SVK"]
[BlackTeamCountry "SVK"]

1. d4 g6 2. e4 Bg7 3. Nc3 c6 4. Nf3 d5 5. h3 dxe4 6. Nxe4 Bf5 7. Nc5 b6 8. Nb3 Nf6 9. Bd3 Qd6 10. Ne5 Nbd7 11. Bxf5 gxf5 12. Nxd7 Nxd7 13. Qf3 Qe6+ 14. Qe2 Qd5 15. 0-0 b5 16. Be3 Rg8 17. f3 Nb6 18. c3 a5 19. Rfe1 e6 20. Nc5 a4 21. Nd3 Bf8 22. Bf4 Be7 23. Bc7 Nc8 24. Qe5 Qxf3 25. Nf4 Qg3 26. Qe2 Nd6 27. Rf1 Kd7 28. Rf3 Qh4 29. Bxd6 Bxd6 30. Raf1 Rg5 31. c4 bxc4 32. Qxc4 Bxf4 33. Rxf4 Qxh3 34. R1f2 Rag8 35. Qc2 Rh5 36. Kf1 Qe3 37. g4 Rh1+ 38. Kg2 Qh3# 0-1

[Event "AUT-chT 2122"]
[Site "Austria"]
[Date "2021.11.05"]
[Round "2.4"]
[White "Mesaros, Florian"]
[Black "Antoniewski, Rafal"]
[Result "1/2-1/2"]
[WhiteElo "2415"]
[BlackElo "2469"]
[PlyCount "71"]
[EventDate "2021.11.04"]
[EventType "team-tourn"]
[EventRounds "11"]
[EventCountry "AUT"]
[SourceTitle "CBM 205 Extra"]
[Source "ChessBase"]
[SourceDate "2022.01.31"]
[SourceVersion "1"]
[SourceVersionDate "2022.01.31"]
[SourceQuality "1"]
[WhiteTeam "Fuerstenfeld/Hartberg"]
[BlackTeam "St Veit"]
[WhiteTeamCountry "AUT"]
[BlackTeamCountry "AUT"]

1. d4 d5 2. c4 dxc4 3. Nf3 Nf6 4. e3 e6 5. Bxc4 c5 6. 0-0 a6 7. b3 b5 8. Be2 Bb7 9. dxc5 Bxc5 10. Qxd8+ Kxd8 11. a4 b4 12. Ne5 Ke7 13. Nd3 Nbd7 14. Nd2 Bd5 15. Bb2 Rhc8 16. Bf3 Bxf3 17. gxf3 Bd6 18. Nc4 Nc5 19. Rfd1 Nxd3 20. Rxd3 Bc7 21. Kf1 Rd8 22. Rxd8 Rxd8 23. Ke2 Rd5 24. Rg1 g6 25. Bxf6+ Kxf6 26. Nd2 Ke7 27. Rc1 Kd8 28. Ne4 Rh5 29. f4 h6 30. Rd1+ Ke7 31. Rc1 Kd8 32. Nc5 a5 33. Nb7+ Kd7 34. Nc5+ Kd8 35. Rd1+ Kc8 36. Rc1 1/2-1/2

[Event "AUT-chT2M 2122"]
[Site "Austria"]
[Date "2021.10.23"]
[Round "5.2"]
[White "Kovacs, Gabor H"]
[Black "Antoniewski, Rafal"]
[Result "1/2-1/2"]
[WhiteElo "2455"]
[BlackElo "2472"]
[PlyCount "64"]
[EventDate "2021.10.01"]
[EventType "team-tourn"]
[EventRounds "11"]
[EventCountry "AUT"]
[SourceTitle "EXT 2023"]
[Source "ChessBase"]
[SourceDate "2022.10.05"]
[SourceVersion "1"]
[SourceVersionDate "2022.10.05"]
[SourceQuality "1"]
[WhiteTeam "Steyregg"]
[BlackTeam "St Veit/Glan II"]
[WhiteTeamCountry "AUT"]
[BlackTeamCountry "AUT"]

1. d4 d5 2. c4 c6 3. cxd5 cxd5 4. Nc3 Nf6 5. Bf4 Nc6 6. e3 Bg4 7. Qb3 Na5 8. Qa4+ Bd7 9. Qc2 Rc8 10. Bd3 e6 11. Nf3 Be7 12. 0-0 0-0 13. Ne5 h6 14. Qe2 Nc6 15. Rac1 Qb6 16. Rfd1 Rfd8 17. Bb1 Be8 18. h3 Nxe5 19. Bxe5 Rc6 20. Bd3 Rdc8 21. Rc2 a6 22. Rdc1 Qd8 23. Nb1 Rxc2 24. Rxc2 Rxc2 25. Qxc2 Bd6 26. Bxd6 Qxd6 27. Nc3 Bc6 28. a3 Bd7 29. Ne2 Ne8 30. Qc3 Qc7 31. Qxc7 Nxc7 32. Nc3 a5 1/2-1/2

[Event "AUT-chT2M 2122"]
[Site "Austria"]
[Date "2021.10.22"]
[Round "4.2"]
[White "Antoniewski, Rafal"]
[Black "Kadric, Denis"]
[Result "0-1"]
[WhiteElo "2472"]
[BlackElo "2553"]
[PlyCount "54"]
[EventDate "2021.10.01"]
[EventType "team-tourn"]
[EventRounds "11"]
[EventCountry "AUT"]
[SourceTitle "EXT 2023"]
[Source "ChessBase"]
[SourceDate "2022.10.05"]
[SourceVersion "1"]
[SourceVersionDate "2022.10.05"]
[SourceQuality "1"]
[WhiteTeam "St Veit/Glan II"]
[BlackTeam "Pinggau Friedberg"]
[WhiteTeamCountry "AUT"]
[BlackTeamCountry "AUT"]

1. c4 d6 2. Nc3 e5 3. g3 Be7 4. Bg2 f5 5. d3 Nf6 6. f4 c6 7. Nf3 exf4 8. Bxf4 0-0 9. Qb3 Na6 10. d4 Nc7 11. 0-0-0 Kh8 12. Kb1 Rb8 13. Ka1 b5 14. cxb5 Nfd5 15. Qc2 Nxf4 16. gxf4 cxb5 17. Nd2 Be6 18. d5 Bd7 19. e3 Bf6 20. Nb3 Re8 21. e4 b4 22. Ne2 Nb5 23. Nbd4 Qb6 24. Nxb5 Bxb5 25. Ng3 Rec8 26. Qd2 b3 27. axb3 Bc4 0-1

[Event "CZE-chT 2122"]
[Site "Czech Republic"]
[Date "2021.10.15"]
[Round "13.2"]
[White "Frank, Adam"]
[Black "Antoniewski, Rafal"]
[Result "1/2-1/2"]
[WhiteElo "2366"]
[BlackElo "2472"]
[PlyCount "141"]
[EventDate "2021.10.15"]
[EventType "team-tourn"]
[EventRounds "15"]
[EventCountry "CZE"]
[SourceTitle "CBM 204 Extra"]
[Source "ChessBase"]
[SourceDate "2021.11.30"]
[SourceVersion "1"]
[SourceVersionDate "2021.11.30"]
[SourceQuality "1"]
[WhiteTeam "Frydek Mistek II"]
[BlackTeam "Frydek Mistek"]
[WhiteTeamCountry "CZE"]
[BlackTeamCountry "CZE"]

1. e4 d6 2. d4 Nf6 3. Nc3 e5 4. Nf3 Nbd7 5. Bc4 Be7 6. 0-0 0-0 7. h3 c6 8. a4 h6 9. Ba2 Re8 10. Re1 exd4 11. Nxd4 Bf8 12. Bf4 Ne5 13. Qd2 a5 14. Rad1 Qb6 15. Bb3 Qb4 16. Qe2 Ng6 17. Be3 d5 18. exd5 Nf4 19. Qf3 N4xd5 20. Nxd5 cxd5 21. c3 Qb6 22. Nb5 Bc5 23. Bxd5 Bxe3 24. Rxe3 Rxe3 25. Qxe3 Qxe3 26. fxe3 Nxd5 27. Rxd5 Be6 28. Rd4 Rc8 29. Kf2 Kh7 30. Nd6 Rc7 31. c4 g5 32. b3 Re7 33. Nb5 Bd7 34. Rd6 Bc6 35. Nd4 Be4 36. Rb6 f5 37. Rb5 f4 38. exf4 gxf4 39. Rxa5 Rd7 40. Ne2 Rd2 41. Re5 Bc6 42. b4 Bxa4 43. Re7+ Kg8 44. Rxb7 Bb3 45. Rc7 Rc2 46. c5 Bc4 47. Re7 Rb2 48. c6 Rc2 49. Re5 Bd3 50. b5 Kf7 51. b6 Rxc6 52. Nxf4 Ba6 53. Nd5 Rc2+ 54. Ke3 Rb2 55. Kd4 Kf8 56. Rf5+ Kg7 57. Kc5 Rxg2 58. Re5 Rc2+ 59. Kd6 Rd2 60. Re7+ Kg6 61. Ra7 Bc8 62. b7 Bxb7 63. Rxb7 Kg5 64. Rb3 Re2 65. Ne3 h5 66. Kd5 Rh2 67. Nf1 Rf2 68. Ng3 Rh2 69. Nf1 Rf2 70. Ng3 Rh2 71. Kd4 1/2-1/2

[Event "AUT-chT2M 2122"]
[Site "Austria"]
[Date "2021.10.03"]
[Round "3.1"]
[White "Antoniewski, Rafal"]
[Black "Schmidt, Peter"]
[Result "1/2-1/2"]
[WhiteElo "2472"]
[BlackElo "2401"]
[PlyCount "69"]
[EventDate "2021.10.01"]
[EventType "team-tourn"]
[EventRounds "11"]
[EventCountry "AUT"]
[SourceTitle "CBM 204 Extra"]
[Source "ChessBase"]
[SourceDate "2021.11.30"]
[SourceVersion "1"]
[SourceVersionDate "2021.11.30"]
[SourceQuality "1"]
[WhiteTeam "St Veit/Glan II"]
[BlackTeam "Sauwald"]
[WhiteTeamCountry "AUT"]
[BlackTeamCountry "AUT"]

1. e4 d6 2. d4 Nf6 3. f3 g6 4. Ne2 Bg7 5. c4 0-0 6. Be3 Nc6 7. Nbc3 a6 8. Qd2 Na5 9. Nc1 Nd7 10. b4 Nc6 11. Rb1 e5 12. d5 Nd4 13. Nb3 Nxb3 14. axb3 f5 15. exf5 gxf5 16. Be2 Qh4+ 17. Bf2 Qh6 18. Qxh6 Bxh6 19. Kd1 e4 20. fxe4 Ne5 21. Bd4 fxe4 22. Kc2 Bf5 23. Bxe5 dxe5 24. Rbf1 Be3 25. Bh5 h6 26. Ne2 Bd4 27. Ng3 Bh7 28. Bg4 a5 29. bxa5 Rxa5 30. Be6+ Kg7 31. Nh5+ Kg6 32. Rxf8 Ra2+ 33. Kb1 Ra1+ 34. Kc2 Ra2+ 35. Kb1 1/2-1/2

[Event "POL-chT 1st League"]
[Site "Szklarska Poreba"]
[Date "2021.09.12"]
[Round "9.4"]
[White "Kowalski, Igor"]
[Black "Antoniewski, Rafal"]
[Result "1/2-1/2"]
[WhiteElo "2378"]
[BlackElo "2493"]
[PlyCount "46"]
[EventDate "2021.09.04"]
[EventType "team-swiss"]
[EventRounds "9"]
[EventCountry "POL"]
[SourceTitle "CBM 204 Extra"]
[Source "ChessBase"]
[SourceDate "2021.11.30"]
[SourceVersion "1"]
[SourceVersionDate "2021.11.30"]
[SourceQuality "1"]
[WhiteTeam "Chylice Laura"]
[BlackTeam "Wrzos Miedzyborow"]
[WhiteTeamCountry "POL"]
[BlackTeamCountry "POL"]

1. d4 d5 2. Nf3 Nf6 3. c4 dxc4 4. e3 e6 5. Bxc4 c5 6. 0-0 Nc6 7. dxc5 Bxc5 8. Qxd8+ Kxd8 9. b3 Ke7 10. Bb2 b6 11. Nbd2 Bb7 12. a3 a5 13. Rfd1 Rhd8 14. h3 Rac8 15. Rac1 Nb8 16. Nd4 Ne8 17. Nb5 Nd6 18. Bf1 Nxb5 19. Bxb5 f6 20. Nc4 Rxd1+ 21. Rxd1 Bc6 22. Bxc6 Nxc6 23. Rc1 Rc7 1/2-1/2

[Event "POL-chT 1st League"]
[Site "Szklarska Poreba"]
[Date "2021.09.10"]
[Round "7.2"]
[White "Kovalenko, Igor"]
[Black "Antoniewski, Rafal"]
[Result "1-0"]
[WhiteElo "2651"]
[BlackElo "2493"]
[PlyCount "81"]
[EventDate "2021.09.04"]
[EventType "team-swiss"]
[EventRounds "9"]
[EventCountry "POL"]
[SourceTitle "CBM 204 Extra"]
[Source "ChessBase"]
[SourceDate "2021.11.30"]
[SourceVersion "1"]
[SourceVersionDate "2021.11.30"]
[SourceQuality "1"]
[WhiteTeam "Kopernik WKS"]
[BlackTeam "Wrzos Miedzyborow"]
[WhiteTeamCountry "POL"]
[BlackTeamCountry "POL"]

1. d4 Nf6 2. c4 d6 3. Nc3 e5 4. Nf3 Nbd7 5. g3 g6 6. Bg2 Bg7 7. 0-0 0-0 8. e4 exd4 9. Nxd4 Re8 10. Re1 Nc5 11. h3 a5 12. Ndb5 Bd7 13. Qc2 Qc8 14. h4 h6 15. Be3 Ng4 16. Nd5 Nxe3 17. Rxe3 Bxb5 18. cxb5 Qd8 19. Rd1 h5 20. Re2 a4 21. Qc4 Kh7 22. Kh2 Rc8 23. f4 c6 24. bxc6 bxc6 25. Nb4 Qe7 26. Rdd2 Ne6 27. Nd3 Nd4 28. Re1 Qa7 29. Qc1 Qa5 30. Nf2 c5 31. Nh3 Bf6 32. Rf1 Kg7 33. Rdf2 Rc7 34. f5 Be5 35. Nf4 gxf5 36. Nxh5+ Kh7 37. Bh3 Qa8 38. Rxf5 Qxe4 39. Qg5 Qc2+ 40. Kh1 Qc4 41. Rxe5 1-0

[Event "POL-chT 1st League"]
[Site "Szklarska Poreba"]
[Date "2021.09.07"]
[Round "4.3"]
[White "Zylka, Stanislaw"]
[Black "Antoniewski, Rafal"]
[Result "1-0"]
[WhiteElo "2312"]
[BlackElo "2493"]
[PlyCount "79"]
[EventDate "2021.09.04"]
[EventType "team-swiss"]
[EventRounds "9"]
[EventCountry "POL"]
[SourceTitle "CBM 204 Extra"]
[Source "ChessBase"]
[SourceDate "2021.11.30"]
[SourceVersion "1"]
[SourceVersionDate "2021.11.30"]
[SourceQuality "1"]
[WhiteTeam "Rybnik"]
[BlackTeam "Wrzos Miedzyborow"]
[WhiteTeamCountry "POL"]
[BlackTeamCountry "POL"]

1. d4 Nf6 2. c4 g6 3. Nc3 Bg7 4. g3 0-0 5. Bg2 Nc6 6. Nf3 d5 7. cxd5 Nxd5 8. e4 Nxc3 9. bxc3 e5 10. d5 Na5 11. 0-0 c6 12. Re1 cxd5 13. exd5 Re8 14. Rb1 Bf5 15. Rb4 Rc8 16. g4 Bd7 17. Be3 b6 18. Ng5 Nc4 19. Ne4 h6 20. Bc1 a5 21. Rb1 f5 22. gxf5 gxf5 23. Ng3 e4 24. Qh5 Qf6 25. Kh1 Re7 26. Rg1 Ne5 27. Be3 b5 28. Bh3 Rf7 29. Bd4 Kf8 30. Ne2 Rc4 31. Nf4 Rxd4 32. cxd4 Nd3 33. Nxd3 exd3 34. Qf3 Qxd4 35. Rb3 d2 36. Rd3 Qb2 37. d6 Be8 38. Qa8 Bd4 39. d7 Rxd7 40. Rg8+ 1-0